صحر انورد کے جطوط / (Record no. 107475)

MARC details
000 -LEADER
fixed length control field 00781nam a22002537a 4500
005 - DATE AND TIME OF LATEST TRANSACTION
control field 20170123162326.0
010 ## - LIBRARY OF CONGRESS CONTROL NUMBER
LC control number A-688382
020 ## - INTERNATIONAL STANDARD BOOK NUMBER
Terms of availability 80.00
035 ## - SYSTEM CONTROL NUMBER
System control number A-688382
037 ## - SOURCE OF ACQUISITION
Source of stock number/acquisition Cen Lib/Ret
040 ## - CATALOGING SOURCE
Original cataloging agency DPL
Language of cataloging UR
082 ## - DEWEY DECIMAL CLASSIFICATION NUMBER
Classification number ک
Item number م ی ر
100 ## - MAIN ENTRY--PERSONAL NAME
Personal name میراز ادیب
9 (RLIN) 119619
245 ## - TITLE STATEMENT
Title صحر انورد کے جطوط /
Statement of responsibility, etc میراز ادیب
246 ## - VARYING FORM OF TITLE
Title proper/short title Sahar anwarad ke khatoot /
Remainder of title by Meraz Adeeb
260 ## - PUBLICATION, DISTRIBUTION, ETC. (IMPRINT)
Place of publication, distribution, etc نیی دہلی
Name of publisher, distributor, etc نیی آواز
Date of publication, distribution, etc 1993
270 ## - ADDRESS
City نیی دہلی
Postal code 110025
Address جامیہ نگر
300 ## - PHYSICAL DESCRIPTION
Extent 384p.
Dimensions 20cm(Hb)
650 ## - SUBJECT ADDED ENTRY--TOPICAL TERM
Topical term or geographic name as entry element اردو ادب
9 (RLIN) 119620
650 ## - SUBJECT ADDED ENTRY--TOPICAL TERM
Topical term or geographic name as entry element اردو افسانے
General subdivision
9 (RLIN) 889
650 ## - SUBJECT ADDED ENTRY--TOPICAL TERM
Form subdivision
Topical term or geographic name as entry element Urdu literature
9 (RLIN) 119621
650 ## - SUBJECT ADDED ENTRY--TOPICAL TERM
Topical term or geographic name as entry element Urdu stories
9 (RLIN) 119622
942 ## - ADDED ENTRY ELEMENTS (KOHA)
Source of classification or shelving scheme Dewey Decimal Classification
Koha item type Urdu Bks
Classification part ک
Call number suffix م ی ر
Holdings
Withdrawn status Lost status Damaged status Not for loan Home library Current library Date acquired Source of acquisition Cost, normal purchase price Total Checkouts Full call number Barcode Date last seen Copy number Cost, replacement price Price effective from Koha item type
        Central Library Central Library 08/01/2016 Cen Lib/Ret 80.00   ک م ی ر A-688382 08/01/2016 1 80.00 08/01/2016 Urdu Bks

© Delhi Public Library
Hit Counter
free hit counter